Retrouvez qui a dit cette réplique (disney/pixar) #5 - Statistiques

Statistiques générales
  • Ce quiz a été pris 455 fois
    302 depuis la dernière actualisation
  • Le résultat moyen est 6 sur 15
Statistiques - réponses
Hint Réplique Réponse % Correct
11 Je suis à la poursuite d'un lapin blanc, alors si vous voulez bien... Alice
93%
4 Mon nez ! Qu'est ce qu'il a mon nez ! Pinocchio
67%
7 Cette si jolie voix ! Alors c'était vous ? C'était vous depuis le début ! Éric (La petite sirène)
66%
1 Andy va changer de vie Woody, il est temps de faire comme lui ! Jessie (Toy story 3)
57%
2 Tu es une illustration dans un livre pourquoi je parle avec toi ? Rémy (Ratatouille)
45%
12 Les dames ne commencent jamais les disputes mais elles savent les finir ! Marie (Les aristochats)
44%
5 Votre prestance, votre assurance, votre perroquet est tellement mignon. Jasmine (Aladdin)
38%
14 Plutôt mourir demain que vivre un siècle sans t'avoir connu. John Smith (Pocahontas)
33%
8 Euh je peux vous aider à traverser votre jardin ? Russell (La haut)
32%
3 Attendez comment on sauve la magie ? Mirabel (Encanto)
31%
13 Eh Flash, je t'en raconte une bien bonne ? Nick (Zootopie)
30%
6 Si tu n'es pas capable de dire un mot gentil, tu ne dis rien du tout. Pan Pan (Bambi)
30%
10 Papa va s'occuper de toi. Je veillerai à ce qu'il ne t'arrive rien, je te le promets. Marin (Le monde de némo)
23%
15 Vous pourriez m'envoyer un ange peut être. L'ange le plus gentil que vous avez. Lilo (Lilo et Stitch)
16%
9 À mon avis elle s'est suicidée la souris. Dégoût (Vice versa)
8%
Aucun quiz correspondant
Distribution des résultats
% des personnes avec chaque résultat
Percentile par nombre de réponses
Votre historique - résultats
Vous n’avez pas pris ce quiz depuis la dernière actualisation